Women and political participation : (Record no. 26919)
[ view plain ]
| 000 -LEADER | |
|---|---|
| fixed length control field | 01310cam a2200349 a 4500 |
| 001 - CONTROL NUMBER | |
| control field | 4016381 |
| 003 - CONTROL NUMBER IDENTIFIER | |
| control field | OSt |
| 005 - DATE AND TIME OF LATEST TRANSACTION | |
| control field | 20250826155149.0 |
| 008 - FIXED-LENGTH DATA ELEMENTS--GENERAL INFORMATION | |
| fixed length control field | 970527s1997 dcua b 001 0 eng |
| 010 ## - LIBRARY OF CONGRESS CONTROL NUMBER | |
| LC control number | 97021580 |
| 020 ## - INTERNATIONAL STANDARD BOOK NUMBER | |
| International Standard Book Number | 0871879220 |
| 020 ## - INTERNATIONAL STANDARD BOOK NUMBER | |
| International Standard Book Number | 9780871879226 |
| 035 ## - SYSTEM CONTROL NUMBER | |
| System control number | 4016381 |
| 040 ## - CATALOGING SOURCE | |
| Original cataloging agency | MMSU |
| Transcribing agency | ULS |
| 050 00 - LIBRARY OF CONGRESS CALL NUMBER | |
| Classification number | HQ 1236.5 U6 C65 1997 |
| 100 1# - MAIN ENTRY--PERSONAL NAME | |
| Personal name | Conway, M. Margaret |
| Fuller form of name | (Mary Margaret), |
| Dates associated with a name | 1935- |
| 245 10 - TITLE STATEMENT | |
| Title | Women and political participation : |
| Remainder of title | cultural change in the political arena / |
| Statement of responsibility, etc. | M. Margaret Conway, Gertrude A. Steuernagel, David W. Ahern. |
| 246 14 - VARYING FORM OF TITLE | |
| Title proper/short title | Women & political participation |
| 260 ## - PUBLICATION, DISTRIBUTION, ETC. | |
| Place of publication, distribution, etc. | Washington, D.C. : |
| Name of publisher, distributor, etc. | CQ Press, |
| Date of publication, distribution, etc. | c1997. |
| 300 ## - PHYSICAL DESCRIPTION | |
| Extent | xiii, 162 pages. : |
| Other physical details | illustration ; |
| Dimensions | 23 cm. |
| 336 ## - CONTENT TYPE | |
| Content type term | text |
| Content type code | txt |
| Source | rdacontent |
| 337 ## - MEDIA TYPE | |
| Media type term | unmediated |
| Media type code | n |
| Source | rdamedia |
| 338 ## - CARRIER TYPE | |
| Carrier type term | volume |
| Carrier type code | nc |
| Source | rdacarrier |
| 504 ## - BIBLIOGRAPHY, ETC. NOTE | |
| Bibliography, etc. note | Includes bibliographical references and index. |
| 650 #0 - SUBJECT ADDED ENTRY--TOPICAL TERM | |
| Topical term or geographic name entry element | Women |
| General subdivision | Political activity |
| Geographic subdivision | United States. |
| 700 1# - ADDED ENTRY--PERSONAL NAME | |
| Personal name | Steuernagel, Gertrude A. |
| 700 1# - ADDED ENTRY--PERSONAL NAME | |
| Personal name | Ahern, David W. |
| 906 ## - LOCAL DATA ELEMENT F, LDF (RLIN) | |
| a | 7 |
| b | cbc |
| c | orignew |
| d | 1 |
| e | ocip |
| f | 19 |
| g | y-gencatlg |
| 942 ## - ADDED ENTRY ELEMENTS (KOHA) | |
| Source of classification or shelving scheme | |
| Koha item type | Books |
| Withdrawn status | Lost status | Source of classification or shelving scheme | Damaged status | Not for loan | Home library | Current library | Shelving location | Date acquired | Total Checkouts | Full call number | Barcode | Date last seen | Price effective from | Koha item type |
|---|---|---|---|---|---|---|---|---|---|---|---|---|---|---|
| MMSU Main Library | MMSU Main Library | American Corner | 08/26/2025 | HQ 1236.5 C66 1997 AC | 4400-AC | 08/26/2025 | 08/26/2025 | Books |